000 00419pab a2200145 454500
008 180718b2015 xxu||||| |||| 00| 0 eng d
100 _aKarmakar, Chandrima
245 _aThe conundrum of 'Home' in the literature of the Indian diaspora: an interpretive analysis
260 _c2015
300 _ap.77-90.
362 _aJan-Apr
650 _aNonresident Indians
773 _aSociological Bulletin
909 _a108436
999 _c108431
_d108431